00410nam a2200145 i 4500001000300000245008000003260003700083300003400120500001700154504002500171040000800196041000800204080001100212008004100223bg 0aFiziceskie osnovy rentgenospektral'nogo lokal'nogo analiza /cPerev. s ang. aMoskva :bIzdat. "Nauka",c1973. as. 310, nlb. 1 :brys., tabl. a[Alf. ros.]. a[Zawiera bibliogr.]. cBPK apol a543.42 s pl f |000 0 pol